000 00945nam a2200253 a 4500
999 _c11862
_d11862
001 11862
003 BD-JhCC
005 20201122120855.0
008 201122b20122016bg |||| ||a| 000 0 ben d
020 _a9789848975671
035 _a(BD-JhCC)11862
040 _aBD-JhCC
_dBD-JhCC
041 _aben
082 _a954.025709
_bRUT 2016
100 _aরাদারফোর্ড, অ্যালেক্স
245 _aঅ্যাম্পেয়ার অব দ্য মোগল:
_bব্রাদার্স অ্যাট ওয়ার /
_cঅনুবাদ: সাদেকুল আহসান কল্লোল ।
260 _aঢাকা:
_bরোদেলা;
_c২০১৬.
300 _a503 p. :
_c22 cm.
600 _aAlex Rutherford.
651 _aIndia--Mogul Empire
_xKings and rulers
700 _aকল্লোল, সাদেকুল আহসান
942 _2ddc
_cBK
_02